İzmir stratejik planı (Record no. 6276)

MARC details
000 -BAŞLIK
Sabit Uzunlukta Kontrol Alanı 00716na a2200229 4500
001 - KONTROL NUMARASI
Denetim Alanı 20114
003 - KONTROL NUMARASI IDENTIFIER
Denetim Alanı MIRAKIL
005 - SON İŞLEM TARİHİ VE ZAMANI
Denetim Alanı 20181213155102.0
008 - SABİT-BOY VERİ ELEMANLARI - GENEL BİLGİLER
Sabit Uzunlukta Kontrol Alanı 170104b tu 000 0
035 ## - SİSTEM KONTROL NUMARASI
Sistem Kontrol Numarası 20114
040 ## - KATALOGLAMA KAYNAK
Orijinal Kataloglama Ajansı Milas
Kataloglama Dili tur
Metne Dönüştürmek Ajansı TR-AnCHP
041 ## - DİL KODU
Metin / Ses Parça Veya Ayrı Başlığın Dil Kodu tur
082 ## - DEWEY ONLU SINIFLANDIRMA NUMARASI
Sınıflandırma Numarası 380.102956211
Ürün Numarası İ95 2002
090 ## - SINIFLAMA NUMARASI
Sınıflama Numarası 380.102956211 İ95 2002
245 ## - BAŞLIK TABLOSU
Başlık İzmir stratejik planı
Başlığın Kalan Kalkışa geçiş dönemi (1996-2002)
Sorumluluk Tablosu, Vb İzmir Ticaret Odası
260 ## - YAYIN, DAĞITIM, VB
Yayın, Dağıtım, Vb Yeri [İzmir]
Yayıncı, Dağıtıcı, Vs Adı İzmir Ticaret Odası
Yayın, Dağıtım, Vb Tarihi 2002
300 ## - FİZİKSEL TANIM
Kapsam 225+ [50] s.
Diğer Fiziksel Ayrıntıları ktl. hrt.; tbl.
Boyutlar 29 sm.
650 ## - KONU KATMA GİRİŞ - TOPİKAL DÖNEM
Topikal Süreli Veya Coğrafi Ad Giriş Elemanı Ekonomi politikaları
Genel Alt Bölümü Ticaret
Kronolojik Alt Bölümü Stratejiler
Coğrafi Alt Bölümü İzmir
651 ## - KONU KATMA GİRİŞ - COĞRAFİ ADI
Coğrafi İsim İzmir
Genel Alt Bölümü Stratejik planlar
710 ## - KATMA GİRİŞ - KURUMSAL ADI
Giriş Elemanı Olarak Kurumsal Ad Veya Yargı Alanı Adı İzmir Ticaret Odası
942 ## - EKLENDİ GİRİŞ ELEMANLARI (KOHA)
Sınıflandırma Veya Raf Düzeni Kaynak Dewey Decimal Classification
Koha Öğesi Türü Books
999 ## - SİSTEM KONTROL NUMARALARI (KOHA)
Koha Biblionumber 6276
Koha Biblioitemnumber 6276
Holdings
Kalıcı Konum Mevcut Konum Edinme Tarihi Edinim Kaynak Toplam Check-Out'Lar Tam Çağrı Numarası Barkod Tarih Son Görülme İtibaren Geçerli Fiyatlar Koha Öğesi Türü
CHP Kütüphanesi CHP Kütüphanesi 01/04/2017 Bağış   380.102956211 İ95 2002 010472 01/04/2017 01/04/2017 Books